El investigador verde
Gespeichert in:
| 1. Verfasser: | |
|---|---|
| Format: | Buch |
| Sprache: | Spanisch |
| Veröffentlicht: |
Buenos Aires
Sigmar
1993
|
| Schriftenreihe: | Ecología para Todos
|
| Schlagworte: | |
| Tags: |
Tag hinzufügen
Keine Tags, Fügen Sie den ersten Tag hinzu!
|
MARC
| LEADER | 00000nam a2200000 a 4500 | ||
|---|---|---|---|
| 001 | UCZ1342 | ||
| 003 | CL-VaPUC | ||
| 008 | 950817e19930000AG |||||||||||||||||spa|d | ||
| 082 | 0 | 4 | |a 372.3 |b GAN |2 21 |
| 100 | 0 | |a Ganeri, Anita |e author |9 344896 | |
| 245 | 1 | 3 | |a El investigador verde |
| 300 | |a 24 p | ||
| 942 | |c BK | ||
| 945 | |d 19950817 00:00:00 |a rbrito | ||
| 260 | |a Buenos Aires |b Sigmar |c 1993 | ||
| 650 | 0 | |a Educación científica |9 307484 | |
| 650 | 0 | |a Ecología |9 258124 | |
| 650 | 7 | |a CIENCIAS AMBIENTALES |2 CL-VaPUC |9 344897 | |
| 583 | |a last modification |c 20160928 09:36:02 |k Rodrigo Vera | ||
| 490 | 0 | |a Ecología para Todos | |
| 999 | |c 238097 |d 238095 | ||
| 952 | |0 0 |1 0 |4 0 |6 372_300000000000000_GAN_1993 |7 0 |8 P |9 248087 |a BIBEDU |b BIBEDU |c BIBEDU_PB |d 2019-11-18 |i 311791K |o 372.3 GAN 1993 |p 311791K |r 2024-01-25 |w 2019-11-18 |y BK |k EPE | ||